书目信息 |
| 题名: |
刨工问答
|
|
| 作者: | 王效唐 编 | |
| 分册: | ||
| 出版信息: | 太原 山西人民出版社 1982 |
|
| 页数: | 145页 | |
| 开本: | 20cm | |
| 丛书名: | 机械工人技术考核问答丛书 | |
| 单 册: | ||
| 中图分类: | TG55-44 | |
| 科图分类: | ||
| 主题词: | 插削 , 刨削 , 刨床 , 插床 | |
| 电子资源: | ||
| ISBN: | ||
| 000 | 00618nam0 2200241 45 | |
| 001 | 0312221749 | |
| 005 | 20060511110745.48 | |
| 010 | @dCNY0.44 | |
| 100 | @a20031222d1982 km y0chiy0120 ea | |
| 101 | @achi | |
| 200 | 1 | @a刨工问答@ABao Gong Wen Da@f王效唐编@FWang Xiao Tang Bian |
| 210 | @a太原@c山西人民出版社@d1982 | |
| 215 | @a145页@d20cm | |
| 225 | 2 | @a机械工人技术考核问答丛书 |
| 410 | 0 | @12001 @a机械工人技术考核问答丛书 |
| 606 | 0 | @a插削 |
| 606 | 0 | @a刨削 |
| 606 | 0 | @a刨床 |
| 606 | 0 | @a插床 |
| 690 | @aTG55-44@v3 | |
| 701 | 0 | @a王效唐@4编 |
| 801 | @aCN@bTSTCL@c20060511 | |
| 905 | @a213230@dTG55-44@e2 | |
| 刨工问答/王效唐编.-太原:山西人民出版社,1982 |
| 145页;20cm.-(机械工人技术考核问答丛书) |
| ISBN :CNY0.44 |
| ● |
| 相关链接 |
|
|
|
|
正题名:刨工问答
索取号:TG55-44/2
 
预约/预借
| 序号 | 登录号 | 条形码 | 馆藏地/架位号 | 状态 | 备注 |
| 1 | 0117236 | 202321638 | 密集书库/ [索取号:TG55-44/2] | 在馆 | |
| 2 | 0117237 | 202303881 | 密集书库/ [索取号:TG55-44/2] | 在馆 | |
| 3 | 0117238 | 202321674 | 密集书库/ [索取号:TG55-44/2] | 在馆 |